AN INVESTIGATION INTO PROBLEMS WITH PART 2 CAE WRITING PAPERS EXPERIENCED BY THIRD-YEAR STUDENTS OF ENGLISH DEPARTMENT AT UNIVERSITY OF FOREIGN LANGUAGE STUDIES - DANANG UNIVERSITY
Kaydedildi:
| Yazar: | |
|---|---|
| Materyal Türü: | Kitap |
| Dil: | English |
| Baskı/Yayın Bilgisi: |
ĐHNN
2016
|
| Konular: | |
| Etiketler: |
Etiketle
Etiket eklenmemiş, İlk siz ekleyin!
|
| Thư viện lưu trữ: | Mạng thư viện Đại học Đà Nẵng |
|---|
| LEADER | 01000nam a22003011a 4500 | ||
|---|---|---|---|
| 001 | 000041193 | ||
| 003 | 17489 | ||
| 005 | 20170313000000.0 | ||
| 008 | 170313s2016 vm 000 eng | ||
| 041 | |a eng | ||
| 082 | |a 428.378 |b LÊ-T | ||
| 100 | |a LÊ, NHÃ ĐAN THY | ||
| 245 | |a AN INVESTIGATION INTO PROBLEMS WITH PART 2 CAE WRITING PAPERS EXPERIENCED BY THIRD-YEAR STUDENTS OF ENGLISH DEPARTMENT AT UNIVERSITY OF FOREIGN LANGUAGE STUDIES - DANANG UNIVERSITY |c Lê Nhã Đan Thy | ||
| 260 | |a ĐHNN |c 2016 | ||
| 300 | |a 84tr . : ill ; 30cm | ||
| 650 | |a WRITING PAPERS EXPERIENCED , ENGLISH DEPARTMENT AT UNIVERSITY OF FOREIGN . | ||
| 852 | |b Chuyên đề |c Luận văn sinh viên 2 | ||
| OWN | |a LNN | ||
| 999 | |a From the UDN01 | ||
| TYP | |a Monograph | ||
| TYP | |a Printed language | ||
| 980 | |a Mạng thư viện Đại học Đà Nẵng | ||